000 00819nam a2200265 i 4500
003 DO-SdBNP
005 20240625113018.0
007 ta
008 240625b2006 ck ||||| |||| 00| 0 spa d
020 _a9588220874
040 _aDO-SdBNP
_bspa
_cBNPHU
_erda
082 4 _222
100 _aMartínez, Manuel,
_eautor
_975897
245 1 3 _aEl código secreto /
_cManuel Martínez, Phyllis Barash ; prólogo, Rossiter Worthington Raymond
264 _aColombia :
_bSolar,
_c2006.
300 _a496 páginas ;
_c22 cm.
336 _2rdacontent
_atexto
_btxt
337 _2rdamedia
_asin mediación
_bn
338 _2rdacarrier
_avolumen
_bnc
590 _aInventariado, 2024/BT
700 _aBarash, Phyllis
_985795
700 _aWorthington Raymond, Rossiter,
_eprólogo
_985796
910 _aBtavárez
942 _2ddc
_cLBS1
999 _c56972
_d56972